Sổ tay hướng dẫn sử dụng FX-TRN-BEG-E

保存先:
書誌詳細
フォーマット: 図書
言語:Undetermined
出版事項: 2003
主題:
タグ: タグ追加
タグなし, このレコードへの初めてのタグを付けませんか!
Thư viện lưu trữ: Trung tâm Học liệu Trường Đại học Cần Thơ
LEADER 00383nam a2200133Ia 4500
001 CTU_129746
008 210402s9999 xx 000 0 und d
082 |a 005.3 
082 |b S450 
245 0 |a Sổ tay hướng dẫn sử dụng FX-TRN-BEG-E 
260 |c 2003 
650 |a Computer Software 
904 |i Tuyến 
980 |a Trung tâm Học liệu Trường Đại học Cần Thơ